000 00517nam a2200181 a 4500
005 20140412111358.0
008 060126s19uu xx 00 eng d
020 _a0-439-21998-1
050 _aTR(PS E
_bMi58 1999
100 _aGhigna, Charles
245 _aMice are nice /
_cby Charles Ghigna ; illustrated by Jon Goodell.
260 _aNew York :
_bScholastic Inc,
_c1999.
300 _a32 p. ; ill.
440 _aStep into Reading
650 _aPets
_xFiction
650 _aChildren stories
999 _c105428
_d105428